000 00656nam a22002297a 4500
003 UA-OsUOA
001 91404
007 ta
008 20121128b un ||||| |||| 00| 0 ukr d
090 _a821.161.2
_bУ45
942 _cBK
040 _aUA-OsUOA
_bukr
_cUA-OsUOA
_dUA-OsUOA
245 _aУкраинская сатира и юмор
_bповести и рассказы
300 _a495 с.
955 _a3
041 _aukr
080 _a821.161.2
260 _aМ.
_bГослитиздат
_c1963
246 3 1 _aХІХ - нач. ХХ века
_n
650 7 _a82 Література. Літературознавство
_2UDC
999 _c377663
_d377663